000 00462cam a2200157u 4500
001 000019150
005 20200929165933.0
008 821218s1942 xxuc 000 0 eng
040 _aDO-SdBNP
_bspa
_cBNPHU
100 1 _aPearson, Hesketh,
_d1887-1964.
_941214
245 1 0 _aG. B. S. :
_ba full length portrait /
_cHesketh Pearson.
260 _aNew York :
_bHarper & brothers,
_c[1942].
300 _a390 p. ;
_c23 cm.
500 _aIncluye índice
049 _aBNPD
999 _c18668
_d18668